000 00213nam a22000977a 4500
100 _aDelhi
_917234
245 _aEco - Tourism
260 _aDelhi
_bRupa Prakashan
_c2019
650 _aEinveronment
_980130
942 _cBK
999 _c63593
_d63593